000 01186cad a22002055a 4500
001 L149757
008 100421u2010 xxk g 000 0 eng d
035 _a(Sirsi) u149757
041 0 _aeng
050 _a690.22 $2 18
110 2 _aEngland
_bHighways Agency
_91666
245 0 0 _aHighways agency supply chain health and safety incident reporting requirements
_binterim advice note 128/10
_h[electronic resource]
260 _aLondon
_bHighways Agency
_c2010
520 _aInterim advice note 128/10 is relevant to contractors and service providers on major construction project schemes in connection with works on motorways and trunk roads in England and the network delivery and development MAC and DBFO network; for reporting to the Highways Agency all incidents and accidents which involve all contractors, service providers and their suppliers; area management memos, AMM 54/04, AMM 96/08 and AMM 97/08 are now superseded and withdrawn.
590 _aKA
651 4 _aEngland
_y886-
690 _aHealth and safety
_96244
856 4 0 _uhttps://www.standardsforhighways.co.uk/ians/pdfs/ian128.pdf
_z View the website free of charge at www.standardsforhighways.co.uk
942 _n0
999 _c120853
_d120853